<?xml version="1.0" encoding="UTF-8"?>
<collection xmlns="http://www.loc.gov/MARC21/slim">
 <record>
  <leader>01725nam a22002055a 4500</leader>
  <controlfield tag="001">CEM.cems000236</controlfield>
  <controlfield tag="005">20060209000000.0</controlfield>
  <controlfield tag="008">130507s1968##################000#0#####d</controlfield>
  <controlfield tag="003">CEMS</controlfield>
  <datafield tag="082" ind1="0" ind2="4">
   <subfield code="a">982.04</subfield>
  </datafield>
  <datafield tag="100" ind1="1" ind2=" ">
   <subfield code="a">Freeland, Jorge Enrique, dir.</subfield>
  </datafield>
  <datafield tag="245" ind1="1" ind2="0">
   <subfield code="a">Con rosas o contra rosas /</subfield>
   <subfield code="c">Jorge Enrique Freeland</subfield>
  </datafield>
  <datafield tag="260" ind1=" " ind2=" ">
   <subfield code="a">Buenos Aires :</subfield>
   <subfield code="b">Freeland,</subfield>
   <subfield code="c">1968</subfield>
  </datafield>
  <datafield tag="300" ind1=" " ind2=" ">
   <subfield code="a">212 p.</subfield>
  </datafield>
  <datafield tag="490" ind1="0" ind2=" ">
   <subfield code="a">Escritores de America Latina</subfield>
  </datafield>
  <datafield tag="505" ind1="0" ind2=" ">
   <subfield code="a">Rosas, después de las pasiones / Félix Luna -- Don Juan Manuel y el revisionismo &quot;tímido&quot; / Arturo Jauretche -- La generación de 1837 / Benjamím Villegas Basavilbaso -- La estructura nacional en la época de Rosas / Jaime Gálvez -- Los unitarios expatriados / León Rebollo Paz -- Rosas / Fermín Chavez -- Rosas y su época / José Antonio Ginzo -- Acerca de Don Juan Manuel de Rosas / Luis Soler Cañas -- Romance de los federales netos / Arturo Capdevila -- La grandeza de Rosas / Julio Irazusta -- Rosas, primer dictador argentino / Enrique de Gandía -- Por qué glorificamos a Rosas / Ernesto Palacio -- Rosas, un personaje indefendible / Bernardo González Arrilli -- Ni con Rosas ni contra Rosas / Emilio Ravignani -- Es necesario revisar la historia argentina / José Antonio Saldías -- La sobra del restaurador / Arturo Orgaz -- La proclama de Napostá / Manuel Gálvez -- La historia oficial y oficialista / Diego Luis Molinari -- Rosas y la unidad nacional / Ricardo Font Ezcurra -- El martirio de los prisioneros del Quebracho / Héctor Pedro Blomberg -- La mazorca y la Sociedad Popular Restauradora / Ramón Doll</subfield>
  </datafield>
  <datafield tag="653" ind1=" " ind2=" ">
   <subfield code="a">Historia</subfield>
  </datafield>
  <datafield tag="653" ind1=" " ind2=" ">
   <subfield code="a">Historia argentina</subfield>
  </datafield>
  <datafield tag="653" ind1=" " ind2=" ">
   <subfield code="a">Rosas, juan manuel</subfield>
  </datafield>
  <datafield tag="859" ind1=" " ind2=" ">
   <subfield code="a">CEMS</subfield>
   <subfield code="b">BIB. CEMS - 11 de abril</subfield>
   <subfield code="h">982.04</subfield>
   <subfield code="i">C739</subfield>
   <subfield code="p">8042.80</subfield>
   <subfield code="t">Ej.1</subfield>
  </datafield>
 </record>
</collection>
